Responses for show #7807 - Tuesday, July 17, 2018

Ryan Fenster game 5-B.

Contestants

Ryan Fenster, a banker from SeaTac, Washington

Bunny Miller, a retired operations manager from Huntington Station, New York

Michelle Cabral, an elementary school music teacher from Toronto, Ontario, Canada (whose 3-day cash winnings total $46,693)

Jeopardy! Round responses

CITING PRECEDENT
THE WESTERN HEMISPHERE
IN THE KITCHEN
SINGLE T, DOUBLE T
THE OCTOPUS
WHY DO I KNOW THIS?!
    $200 26
(Ernesto) Miranda

Michelle
    $200 11
Peru

Ryan
    $200 1
the mortar

Bunny
    $200 16
the fittest

Ryan
    $200 21
Pacific octopus

Ryan
    $200 6
Beverly Hills

Michelle
    $400 27
the First Amendment

Michelle
    $400 12
Washington

Michelle
    $400 2
pinto

Ryan
    $400 17
(Bunny: What is tee-hee?)

titter

MichelleBunny
    $400 22
Dumbo

Michelle
    $400 7
Christian Grey

Michelle
    $600 28
Brown

Michelle
    $800 13
the Bay of Pigs

Michelle
    $600 3
saffron

Bunny
    $600 18
etiquette

Michelle
    $600 23
a beak

Ryan
    $600 8
Omarosa

Michelle
    $800 29
(Bunny: What is slavery?)
(Ryan: What is spanking in school?)

capital punishment or the death penalty

BunnyRyan
Triple Stumper
    $800 14
Baffin Island

Michelle
    $800 4
Yorkshire pudding

Michelle
    $800 19
a petticoat

Bunny
    $800 24
(Bunny: What is black?)

blue

BunnyRyan
    $800 9
Arie Luyendyk

Triple Stumper
    $1000 30
eminent domain

Ryan
    $1000 15
(Alex: Mount Aconcagua is the high point.)

Argentina

Bunny
    $1000 5
an olive

Michelle
    $1000 20
(Ryan: What's a turret?)

a battlement

Ryan
Triple Stumper
    $1000 25
(Alex: Less than a minute now.)

an invertebrate

Bunny
    $1000 10
Maury

Ryan

Scores at the first commercial break (after clue 15):

Michelle Bunny Ryan
$5,000 $1,800 $1,600

Scores at the end of the Jeopardy! Round:

Michelle Bunny Ryan
$7,600 $1,600 $2,600

Double Jeopardy! Round responses

CITING THE PRESIDENT
FOREIGN FILMS
FICTIONAL DOCTORS
A LIGHT CATEGORY
COMPOSERS
THAT'S PROPRIETARY, MA'AM
    $400 1
Nixon

Michelle
    $400 21
Das Boot

Michelle
    $400 23
Hannibal Lecter

Ryan
    $400 6
a synagogue

Ryan
    $400 12
(Johannes) Brahms

Bunny
    $400 11
Motown

Michelle
    $800 2
(Ryan: Who's Carter?)

Ford

MichelleRyan
    $800 22
Z

Triple Stumper
    $800 24
The Andromeda Strain

Ryan
    $800 7
diodes

Bunny
    $800 17
Tchaikovsky

Ryan
    $2,000 13
Photoshop

Bunny
    $1200 3
Lincoln

Bunny
    $1200 25
(Alex: With less than a minute.)

Master and Commander

Ryan
    $1200 8
pilot lights

Michelle
    $1200 18
Scott Joplin

Bunny
    $1200 14
Rolodex

Ryan
    $2,000 4
Teddy Roosevelt

Bunny
    $1600 29
[The end-of-round signal sounds.]

Kurosawa

Ryan
    $1600 27
Van Helsing

Ryan
    $1600 9
(Ryan: Who are the Methodists?)

the Quakers or the Society of Friends

Ryan
Triple Stumper
    $1600 19
melody

Triple Stumper
    $1600 15
gypsum

Ryan
    $2000 5
(Alex: 1915.)

Wilson

Ryan
    $2000 28
Il Postino

Michelle
    $2000 26
(Bunny: Who is Michael Crichton?)

Robin Cook

Bunny
Triple Stumper
    $2000 10
a lighthouse keeper

Bunny
    $2000 20
Pictures at an Exhibition

Ryan
    $2000 16
(Ryan: What is name brand?)

No Name

MichelleRyan

Scores at the end of the Double Jeopardy! Round:

Michelle Bunny Ryan
$14,800 $9,200 $11,800

[wagering suggestions for these scores]

Final Jeopardy! Round responses

WORLD CAPITAL SIGHTSEEING
(Alex: And they were both built by Saddam Hussein.)
BunnyWhat is Teh Baghdad?
$9,200
RyanWhat is Baghdad
$11,800
MichelleWhat is Bg Baghdad?
$4,400
Baghdad

Final scores:

Michelle Bunny Ryan
$19,200 $18,400 $23,600
2nd place: $2,000 3rd place: $1,000 New champion: $23,600

Game dynamics:

Coryat scores:

Michelle Bunny Ryan
$14,600 $7,600 $11,800
21 R
(including 1 DD),
0 W
12 R
(including 2 DDs),
4 W
19 R,
5 W

Combined Coryat: $34,000

The J! Archive is created by fans, for fans. The Jeopardy! game show and all elements thereof, including but not limited to copyright and trademark thereto, are the property of Jeopardy Productions, Inc. and are protected under law. This website is not affiliated with, sponsored by, or operated by Jeopardy Productions, Inc. Join the discussion at JBoard.tv.